000 00447nab a2200145Ia 4500
003 ES-SlBCS
005 20210601125300.0
008 140529s1996 xxu||||| |||| 00| 0 eng d
041 _aeng
100 1 _aOwens, David
_9138592
245 0 2 _aA Lockean Theory of Memory Experience
_c David Owens
650 0 4 _aTeoría de la Memoria
_9152000
773 0 _tPhilosophy and Phenomenological Research
_gvol. 56, 1996, págs. 319-332
_wRev1411
942 _cAR
999 _c527791
_d527791